000 01454cam a2200373 a 4500
001 13826541
003 OSt
005 20140310182700.0
008 041228s2006 maua 001 0 eng
010 _a 2004065608
020 _a007126308X
040 _aDLC
_cDLC
_dDLC
050 0 0 _aPE 1475
_b.F499 2006
082 0 0 _aM 428.2
_bF499 2006
100 1 _aFinkelstein, Leo,
_d1946-
245 1 0 _aPocket book of English grammar for engineers and scientists
_cFinkelstein, Jr., Leo
260 _aBoston
_bMcGraw-Hill
_cc2006
300 _a160 p.
_bill.
_c21 cm.
440 0 _aMcGraw-Hill's BEST--basic engineering series and tools
500 _aIncludes index.
521 _a Highschool to College student
526 _b 0L to 1700L
541 _j1
541 _j2
562 _e2
650 0 _aEnglish language
_xGrammar
_vHandbooks, manuals, etc.
650 0 _aEnglish language
_xTechnical English
_vHandbooks, manuals, etc.
650 0 _aTechnical writing
_vHandbooks, manuals, etc.
856 4 2 _3Publisher description
_uhttp://www.loc.gov/catdir/enhancements/fy0619/2004065608-d.html
856 4 1 _3Table of contents only
_uhttp://www.loc.gov/catdir/enhancements/fy0619/2004065608-t.html
906 _a7
_bcbc
_corignew
_d1
_eocip
_f20
_gy-gencatlg
942 _2lcc
_cBK
_kM
999 _c15161
_d15161